[Event "Sampa Chess Open 2024"]
[Site "Sao Paulo"]
[Date "2024.02.02"]
[Round "6.41"]
[White "Yasuda, Osvaldo Makoto"]
[Black "Leon Lopes, Sergio Amadeus"]
[Result "0-1"]
[WhiteElo "1318"]
[BlackElo "1858"]
[PlyCount "84"]
[EventDate "2024.01.29"]
[EventRounds "9"]
[EventCountry "BRA"]

1. e4 d6 2. d4 Nf6 3. Nc3 g6 4. Nf3 Bg7 5. Bf4 O-O 6. Qd2 Re8 ({RR} 6... a6 7.
Bh6 b5 8. Bxg7 Kxg7 9. Bd3 Bb7 10. e5 Nd5 11. Ne4 Qc8 12. h4 h5 13. O-O-O Qg4
14. Kb1 Nc6 15. c3 Rad8 16. exd6 cxd6 17. Nfg5 e5 18. f3 Qf4 19. dxe5 dxe5 20.
Nc5 Bc8 21. Qxf4 {Kosten,A (2515)-Chabanon,J (2415) Paris 1994 0-1 (40)}) 7.
Bc4 ({RR} 7. Be2 Nbd7 8. O-O-O c5 9. Bh6 Bh8 10. h3 cxd4 11. Nxd4 Qa5 12. Nb3
Qb4 13. a3 Qb6 14. Bb5 Nxe4 15. Nxe4 Qxb5 16. Nc3 Qc6 17. f3 Nc5 18. Nd4 Qd7
19. h4 b6 20. h5 Ba6 21. hxg6 fxg6 {Brown,S (1991)-Coman,L (1726) Bucharest
ROU 2019 1/2-1/2 (43)}) 7... c6 8. Ng5 $146 ({RR} 8. Bb3 b5 9. a3 e6 10. O-O a6
11. Rad1 Ra7 12. Bg5 Qb6 13. Qf4 e5 14. dxe5 dxe5 15. Nxe5 Nd5 16. exd5 Bxe5
17. Qh4 c5 18. d6 Be6 19. Bxe6 fxe6 20. Ne4 Nd7 21. b4 Qc6 22. bxc5 Rb7 {
Weiner,M-Rajkovic Jablonec 1954 1-0}) ({RR} 8. e5 dxe5 9. Nxe5 e6 10. Bg5 Nbd7
11. Nxd7 Qxd7 12. Bb3 b5 13. Bxf6 Bxf6 14. O-O-O Bb7 15. Ne4 Qe7 16. f4 Rad8
17. Qe3 Bg7 18. h4 c5 19. Nxc5 Bxd4 20. Rxd4 Qxc5 21. Rhd1 Rxd4 22. Qxd4 Qxd4 {
Kumkumoglu,M (2110)-Ertekin,O (1630) Konya 2011 1-0 (50)}) ({RR} 8. O-O d5 9.
exd5 cxd5 10. Bb5 Nc6 11. Ne5 Qb6 12. a4 a5 13. Bg5 Rd8 14. Rad1 Bf5 15. Rfe1
Rac8 16. Bh6 Bxh6 17. Qxh6 Bxc2 18. Rd2 Bf5 19. h3 Rd6 20. Nxc6 bxc6 21. Bf1
Re8 22. Qf4 Kg7 {Avalos,R (1514)-Prado,A (1830) Asuncion 2014 0-1 (43)}) 8...
d5 9. exd5 cxd5 10. Bb5 Nc6 11. Nf3 Nh5 12. Ne5 Nxe5 13. Bxe8 Nc4 14. Bxf7+
Kxf7 15. Qc1 Bxd4 16. O-O Bxc3 17. bxc3 Nxf4 18. Qxf4+ Kg7 19. Rfd1 Be6 20. Rd4
Bf7 21. Qg3 e5 22. Rh4 Rc8 23. Rd1 Rc6 24. Rd3 Qb6 25. Rd1 Rf6 26. h3 e4 27.
Rf4 Rxf4 28. Qxf4 Qb2 29. Qc7 Qb6 30. Qxb6 Nxb6 31. Rb1 Be8 32. Kf1 Bc6 33. Ke2
Nc4 34. Kd1 Kf6 35. Rb4 Ke5 36. g3 h5 37. Ke2 a6 38. Rb3 Bb5 39. Rxb5 axb5 40.
f3 e3 41. Kd3 h4 42. f4+ Kf5 0-1

[Event "Sampa Chess Open 2024"]
[Site "Sao Paulo"]
[Date "2024.02.02"]
[Round "6.42"]
[White "Santos, Abel Cardoso Dos"]
[Black "Bianchini, Marlon"]
[Result "1-0"]
[WhiteElo "1854"]
[BlackElo "1255"]
[PlyCount "95"]
[EventDate "2024.01.29"]
[EventRounds "9"]
[EventCountry "BRA"]

1. e4 c5 2. Nf3 e6 3. d4 cxd4 4. Nxd4 a6 5. c4 Nf6 6. Nc3 Qc7 7. a3 Be7 8. Bd3
b6 9. O-O Bb7 10. Be3 O-O 11. f4 d6 12. Qe2 Nbd7 13. b4 Rac8 14. Rac1 Rfe8 15.
Nb3 $146 ({RR} 15. Rfd1 Bf8 16. Qf3 Qb8 17. Nb3 Qa8 18. Bf2 g6 19. g4 d5 20.
Nd2 Bg7 21. g5 Nh5 22. exd5 Bxc3 23. Rxc3 exd5 24. Qg4 dxc4 25. Rxc4 Rxc4 26.
Bxc4 b5 27. Ba2 Nf8 28. Bd4 Bc8 29. f5 Bxf5 {Comp Tasc R30-Torres Kuckel,R 
(2270) Muenster 1994 0-1 (48)}) 15... Qb8 16. g4 h6 17. Nd2 Qa8 18. h4 Nh7 19.
g5 hxg5 20. hxg5 e5 21. Qh5 g6 22. Qh6 Bf8 23. Qh3 exf4 24. Bxf4 Ne5 25. Be2
Bg7 26. Be3 Bc6 27. Qg3 b5 28. cxb5 axb5 29. a4 bxa4 30. b5 Bd7 31. Nd5 Rxc1
32. Rxc1 Qa5 33. b6 Rb8 34. Qf2 a3 35. Nf6+ Nxf6 36. gxf6 Bh8 37. Nc4 Nxc4 38.
Bxc4 Qe5 39. Rf1 Qxe4 40. Qf4 Qxf4 41. Rxf4 Bf5 42. Bd4 Rc8 43. b7 Rb8 44. Bd5
a2 45. Rf1 Bd3 46. Rc1 Bf5 47. Rc7 Be6 48. Bxa2 1-0

[Event "Sampa Chess Open 2024"]
[Site "Sao Paulo"]
[Date "2024.02.02"]
[Round "6.43"]
[White "Kassab, Alexandre T Canelas"]
[Black "Deus Filho, Joaquim De"]
[Result "1-0"]
[WhiteElo "1800"]
[BlackElo "1848"]
[PlyCount "113"]
[EventDate "2024.01.29"]
[EventRounds "9"]
[EventCountry "BRA"]

1. e4 c5 2. Nf3 a6 3. d4 cxd4 4. Nxd4 Nf6 5. Nc3 e5 6. Nb3 Bb4 7. Bg5 Bxc3+ ({
RR} 7... d6 8. Bxf6 Qxf6 9. Bc4 Bxc3+ 10. bxc3 O-O 11. O-O Nd7 12. a4 Qe7 13.
a5 Nf6 14. Qd3 Bd7 15. Nd2 Rac8 16. Bd5 Bc6 17. c4 Rc7 18. Rfb1 Rfc8 19. Rb4
Nd7 20. Nb3 Bxd5 21. exd5 g6 22. Rb1 {Andrijevic,M (2357)-Rodshtein,M (2634)
Valjevo 2012 0-1 (39)}) ({RR} 7... d6 8. Bxf6 Qxf6 9. Bc4 Be6 10. Bd5 Nc6 11.
O-O Bxc3 12. bxc3 Qe7 13. Qd3 O-O 14. Nd2 Rfd8 15. Rab1 Rac8 16. Rb6 Bxd5 17.
exd5 Na7 18. c4 Rc7 19. Rfb1 Nc8 20. R6b3 Rdd7 21. a4 g6 22. Qe3 {Andrijevic,M
(2195)-Radojicic,A (2036) Belgrade SRB 2021 1-0}) 8. bxc3 Qc7 9. Qf3 Ng8 $146 (
{RR} 9... d5 10. exd5 Bg4 11. Qg3 Nbd7 12. c4 Bf5 13. Bxf6 gxf6 14. Bd3 Bg6 15.
O-O O-O-O 16. Qe3 f5 17. f4 e4 18. Be2 Qd6 19. Rab1 Kb8 20. c5 Qc7 21. c6 Qb6
22. Nd4 {1-0 (22) Davies,C-Summers,C (2055) Cardiff 1997}) ({RR} 9... d6 10.
Bxf6 gxf6 11. O-O-O Ke7 12. Qg3 Be6 13. f4 Nd7 14. fxe5 dxe5 15. Rd3 Rac8 16.
Qf2 Nc5 17. Re3 Na4 18. c4 Bxc4 19. Bxc4 Qxc4 20. Rf1 Qc6 21. Rd3 Rhd8 22. Rfd1
Rxd3 23. Rxd3 Nc3 24. Qd2 {Novak,S (2032)-Bebiak,J (2086) Slovakia 2002 1-0 
(49)}) ({RR} 9... Qc6 10. Bxf6 gxf6 11. Be2 b5 12. O-O Bb7 13. Nd2 Qe6 14. Qf5
Qxf5 15. exf5 Rg8 16. Bf3 Bxf3 17. Nxf3 Nc6 18. Rad1 Ne7 19. Rd6 Nxf5 20. Rxf6
Ne7 21. Nxe5 Rg7 22. Rd1 d5 23. Nc6 Rc8 24. Re1 {Korondi,M-Kaufmann,P (1566)
Balatonlelle 2009 1/2-1/2 (46)}) 10. c4 f6 11. Be3 Ne7 12. c5 d6 13. cxd6 Qxd6
14. Bc5 Qc7 15. Qh5+ Ng6 16. Bd3 b6 17. Ba3 Qc3+ 18. Ke2 Be6 19. Rhd1 Nd7 20.
Kf1 Kf7 21. g3 Qc7 22. Rac1 Rhd8 23. Kg2 Kg8 24. Qe2 a5 25. Bb5 a4 26. Bd6 Qc8
27. Nd2 Nc5 28. Nc4 Qb7 29. Bxc5 bxc5 30. Nd6 Qb6 31. Nf5 a3 32. Bc4 Kf7 33.
Rb1 Qc6 34. Bxe6+ Qxe6 35. Rb7+ Kf8 36. Qb5 Rxd1 37. Qxc5+ Kg8 38. Qc7 Rd7 39.
Qxd7 Qxd7 40. Rxd7 Rc8 41. Rxg7+ Kf8 42. Ra7 Rc3 43. h4 h5 44. Kf1 Ke8 45. Ne3
Nf8 46. Nd5 Rc6 47. c3 Ne6 48. Nxf6+ Kd8 49. Nd5 Nc5 50. f3 Na6 51. Ke2 Rg6 52.
Kf2 Nc5 53. Rxa3 Nd3+ 54. Ke3 Ne1 55. Ke2 Nc2 56. Ra8+ Kd7 57. Kf2 1-0

[Event "Sampa Chess Open 2024"]
[Site "Sao Paulo"]
[Date "2024.02.02"]
[Round "6.44"]
[White "Sanches De Carvalho, Fabio"]
[Black "Bomeisel, Pedro Rangel"]
[Result "1-0"]
[WhiteElo "1838"]
[BlackElo "1385"]
[PlyCount "89"]
[EventDate "2024.01.29"]
[EventRounds "9"]
[EventCountry "BRA"]

1. d4 Nf6 2. Bg5 Ne4 3. Bf4 c5 4. d5 d6 5. f3 Qa5+ 6. Nd2 Nxd2 ({RR} 6... Nf6
7. e4 e6 8. c3 exd5 9. exd5 Be7 10. Ne2 Nh5 11. Be3 O-O 12. g4 Bh4+ 13. Bf2
Bxf2+ 14. Kxf2 Nf6 15. Nf4 Nbd7 16. Nc4 Qd8 17. a4 Ne5 18. Be2 Re8 19. Ne3
Nfxg4+ 20. Nxg4 Nxg4+ 21. fxg4 {Paragua,M (2492)-Salem,A (2656) chess.com INT
2017 0-1}) 7. Bxd2 Qc7 8. c4 $146 ({RR} 8. e4 Nd7 9. c4 g6 10. Bc3 Nf6 11. Bd3
Bg7 12. Ne2 O-O 13. Qd2 a6 14. a4 Bd7 15. a5 e6 16. O-O exd5 17. cxd5 Bb5 18.
Rfd1 Rae8 19. Rac1 b6 20. b4 c4 21. Bd4 bxa5 22. bxa5 Nd7 {Olbrisch,M (2225)
-Siemers,J (2205) Dortmund 1992 0-1 (37)}) ({RR} 8. e4 e5 9. dxe6 Bxe6 10. Bc3
Nc6 11. Ne2 d5 12. exd5 O-O-O 13. dxe6 Rxd1+ 14. Rxd1 fxe6 15. g3 Ne5 16. Bg2
Be7 17. Nf4 Bf6 18. Kf2 Nd7 19. Bxf6 Nxf6 20. Nxe6 Qb6 21. Bh3 Qxb2 22. Rd2 Kb8
{O'Donnell,C (2185)-Shephard,C (2158) England 2015 0-1 (62)}) 8... e5 9. e4 Be7
10. Bd3 Nd7 11. Ne2 O-O 12. O-O Nb6 13. Qc2 g6 14. Bh6 Re8 15. Nc3 Bf8 16. Qd2
f6 17. h4 a6 18. a4 Bxh6 19. Qxh6 Qg7 20. Qd2 Rb8 21. Qf2 Na8 22. f4 Bd7 23. f5
gxf5 24. exf5 Kh8 25. Ne4 Qe7 26. h5 Rg8 27. Qh4 Rgf8 28. h6 Nb6 29. a5 Nc8 30.
Ra3 Be8 31. Be2 Qc7 32. Rb3 Ba4 33. Ra3 Be8 34. Rh3 Qe7 35. Bd1 Qd8 36. Rff3
Bd7 37. Rf1 Be8 38. Kh2 Qe7 39. Be2 Bd7 40. Bh5 Qd8 41. Re3 Be8 42. Be2 Qc7 43.
Kh3 Bd7 44. g4 Qd8 45. Rb3 1-0

[Event "Sampa Chess Open 2024"]
[Site "Sao Paulo"]
[Date "2024.02.02"]
[Round "6.45"]
[White "Haraguchi, Melissa Mayumi Alve"]
[Black "Da Cunha, Gabriela Goes"]
[Result "0-1"]
[WhiteElo "1751"]
[BlackElo "1837"]
[PlyCount "64"]
[EventDate "2024.01.29"]
[EventRounds "9"]
[EventCountry "BRA"]

1. e4 c6 2. d4 d5 3. e5 Bf5 4. Nf3 e6 5. Bd3 Bxd3 6. Qxd3 Qa5+ 7. Bd2 Qa6 8.
Qxa6 Nxa6 9. a3 ({RR} 9. O-O c5 10. Nc3 Ne7 11. Nb5 Nc6 12. c3 Rc8 13. Rfe1 b6
14. Bg5 h6 15. Bd2 Be7 16. h3 Nab8 17. dxc5 bxc5 18. c4 d4 19. Rac1 O-O 20. b4
cxb4 21. Nbxd4 Rfd8 22. Nxc6 Rxc6 23. Be3 Bc5 {Kinder,J (2108)-Erenburg,S 
(2533) Dresden 2004 0-1 (36)}) 9... c5 10. Nc3 ({RR} 10. dxc5 Nxc5 11. Nc3 Rc8
12. O-O Ne7 13. Nb5 Nc6 14. Be3 a6 15. Nbd4 Nd7 16. Nxc6 bxc6 17. b4 c5 18. c3
a5 19. bxa5 Be7 20. Rfb1 O-O 21. Rb7 Rfd8 22. a6 h6 23. h4 Bf8 24. a7 Ra8 {
Taleski,V (1677)-Hart,A (1885) Skopje MKD 2019 1-0 (33)}) 10... Nc7 $146 ({RR} 
10... b6 11. O-O Nc7 12. Rfb1 Ne7 13. b4 Nc6 14. Be3 cxb4 15. axb4 Bxb4 16. Rb3
Be7 17. Nb5 Nxb5 18. Rxb5 Kd7 19. c3 Rab8 20. Ng5 a6 21. Rbb1 Bxg5 22. Bxg5 Na5
23. Kf1 Nc4 24. Ke2 a5 25. Bc1 {Yang,W-Musovic,A (2092) Kemer 2007 0-1 (42)}) (
{RR} 10... O-O-O 11. O-O-O Rd7 12. Ne2 Ne7 13. dxc5 Nxc5 14. Nfd4 Nc6 15. Be3
Nxe5 16. f4 Nc4 17. Bd2 Ne4 18. Be1 Bc5 19. Nf3 Ne3 20. Ne5 Rc7 {0-1 (20) Laux,
G-Davydov,M (2149) Dresden 2001}) ({RR} 10... Ne7 11. dxc5 Ng6 12. b4 f6 13.
exf6 gxf6 14. O-O Nc7 15. Rfe1 Kf7 16. Ne2 e5 17. c3 Be7 18. Ng3 Ke6 19. Nd4+
Kf7 20. Ndf5 h5 21. Nxe7 Nxe7 22. a4 h4 23. Nf1 Ne6 24. Ne3 Rag8 25. f3 {
Podewils-Liesecke,A Berlin West 1987 1/2-1/2 (47)}) 11. Ne2 h5 12. h4 Nh6 13.
Ng3 Ng4 14. c3 Rc8 15. O-O Na8 16. b4 cxd4 17. cxd4 Nb6 18. Rfc1 Nc4 19. Nf1
Be7 20. g3 O-O 21. Kg2 f6 22. Be1 fxe5 23. dxe5 Ngxe5 24. Nxe5 Nxe5 25. Nd2 Bf6
26. Rab1 Nd3 27. Rxc8 Rxc8 28. Nf3 e5 29. Nh2 Rc2 30. Kf3 Kf7 31. Nf1 e4+ 32.
Ke3 Bd8 0-1

[Event "Sampa Chess Open 2024"]
[Site "Sao Paulo"]
[Date "2024.02.02"]
[Round "6.46"]
[White "Akamine, Isabelle Namie Nish"]
[Black "Lima, Hamilton Da Silva"]
[Result "0-1"]
[WhiteElo "1800"]
[BlackElo "1778"]
[PlyCount "100"]
[EventDate "2024.01.29"]
[EventRounds "9"]
[EventCountry "BRA"]

1. d4 Nf6 2. c4 g6 3. Nc3 d5 4. cxd5 Nxd5 5. e4 Nxc3 6. bxc3 Bg7 7. Nf3 c5 8.
Bc4 Nc6 ({RR} 8... cxd4 9. cxd4 Nc6 10. Be3 O-O 11. h3 Qa5+ 12. Kf1 Rd8 13. Rc1
Qa3 14. d5 e6 15. Bg5 f6 16. Bf4 Kh8 17. Qe1 Ne5 18. Nxe5 fxe5 19. Bg5 Re8 20.
Qc3 Qd6 21. g3 Bd7 22. Kg2 Rac8 23. Qb3 {Hillarp Persson,T (2547)-Pedersen,C 
(2422) Denmark 2013 1-0 (44)}) 9. Bb2 ({RR} 9. O-O cxd4 10. Bb5 O-O 11. Bxc6
bxc6 12. cxd4 Bg4 13. Bb2 c5 14. e5 Bxf3 15. gxf3 Qb6 16. Rb1 cxd4 17. Bxd4 Qe6
18. Qa4 Rfc8 19. f4 Qg4+ 20. Kh1 Qf3+ 21. Kg1 Qxf4 22. Rb4 Bxe5 23. Bxa7 Qxh2#
{Cooke,X (1465)-Durruoglu,E Tornelo INT 2021 0-1}) 9... Bg4 10. h3 $146 ({RR} 
10. Bxf7+ Kf8 11. h3 cxd4 12. cxd4 Qa5+ 13. Kf1 Qb5+ 14. Kg1 Bxf3 15. Qxf3 Qxb2
16. Bd5+ Bf6 17. Kh2 Qxd4 18. Rhd1 Qe5+ 19. Kh1 Kg7 20. Rab1 Rab8 21. Rd3 Qc7
22. g4 Rhf8 23. Qe3 Bh4 24. Rd2 Ne5 {Capra,S-Amaro,H Santiago de Chile 1994
0-1 (45)}) 10... Bxf3 11. Qxf3 O-O 12. dxc5 Qa5 13. Qe3 Rad8 14. O-O Ne5 15.
Be2 Nd7 16. Qg5 Qxc5 17. Qxc5 Nxc5 18. Ba3 b6 19. Bxc5 bxc5 20. Rfc1 Rd2 21.
Bf3 Rb8 22. Rd1 Bxc3 23. Rxd2 Bxd2 24. Rd1 Rb2 25. a3 c4 26. Be2 c3 27. Bd3 Ra2
28. Kh2 Rxa3 29. g3 Ra4 30. Kg2 a5 31. Bc2 Ra2 32. Bb3 Rb2 33. Ba4 Be3 34. Rf1
Bd4 35. h4 h5 36. Kh2 Rxf2+ 37. Rxf2 Bxf2 38. Kg2 Bd4 39. Kf3 e5 40. g4 hxg4+
41. Kxg4 Kg7 42. Kf3 Kh6 43. Kg4 Bf2 44. Bb3 Be3 45. Ba4 f6 46. Kf3 Bd4 47. Kg4
Kg7 48. Kf3 Kf7 49. Kg4 Ke7 50. h5 gxh5+ 0-1

[Event "Sampa Chess Open 2024"]
[Site "Sao Paulo"]
[Date "2024.02.02"]
[Round "6.47"]
[White "Fernandez Barrero, Javier"]
[Black "Re, Vinicius"]
[Result "1-0"]
[WhiteElo "1743"]
[BlackElo "1177"]
[PlyCount "59"]
[EventDate "2024.01.29"]
[EventRounds "9"]
[EventCountry "BRA"]

1. e4 e5 2. Nf3 Nc6 3. Bb5 a6 4. Ba4 Nf6 5. d3 Bc5 6. O-O O-O 7. Bxc6 dxc6 8.
Nxe5 Re8 ({RR} 8... Bd6 9. Nf3 Bg4 10. Bg5 Re8 11. Nbd2 h6 12. Bh4 Bf4 13. Qb1
Bxf3 14. Nxf3 Qd6 15. Bg3 Bxg3 16. fxg3 Qc5+ 17. d4 Qh5 18. e5 Ne4 19. c3 Ng5
20. Qd3 Ne6 21. Nh4 g6 22. Rf2 Rf8 23. Raf1 {Ebosse,K (2055)-Pires,J
Casablanca MAR 2019 1-0 (32)}) 9. Nf3 Bg4 10. Be3 Qe7 11. Nbd2 $146 ({RR} 11.
Nc3 Rad8 12. Qe2 Bd6 13. Rfe1 Be5 14. Qd2 Bxf3 15. gxf3 Qe6 16. Bf4 Nh5 17. Bg3
Qf6 18. Qd1 Re6 19. Kh1 Nf4 20. Rg1 Nh5 21. Qe2 Nxg3+ 22. hxg3 Bxc3 23. bxc3
Qxc3 24. Kg2 Rdd6 25. Rab1 b5 {Vatkinas,B-Matvejenko,N Vilnius 2000 0-1 (70)})
11... Rad8 12. h3 Bh5 13. Qe2 Bd4 14. Bxd4 Rxd4 15. g4 Rb4 16. gxh5 Nxh5 17.
Qe3 Qf6 18. Qg5 Qxg5+ 19. Nxg5 Nf4 20. b3 h6 21. Ngf3 Nxh3+ 22. Kh2 Nf4 23. a4
Rb6 24. Nc4 Rb4 25. Rab1 Ne2 26. Rfe1 Nc3 27. Ra1 b5 28. axb5 axb5 29. Nce5 c5
30. Nc6 1-0

[Event "Sampa Chess Open 2024"]
[Site "Sao Paulo"]
[Date "2024.02.02"]
[Round "6.49"]
[White "Nicacio, Daniel Ramos"]
[Black "Goncalves, Ricardo Henrique Si"]
[Result "0-1"]
[WhiteElo "1479"]
[BlackElo "1800"]
[PlyCount "28"]
[EventDate "2024.01.29"]
[EventRounds "9"]
[EventCountry "BRA"]

1. e4 d6 2. d4 Nf6 3. Nd2 g6 4. g3 ({RR} 4. b3 Bg7 5. Bb2 O-O 6. f4 c5 7. dxc5
Qa5 8. cxd6 Nxe4 9. Bxg7 Kxg7 10. Qe2 Bf5 11. Qe3 Nc6 12. d7 Rad8 13. Bd3 Rxd7
14. Ngf3 Nxd2 15. Qxd2 Qc5 16. Rd1 Rfd8 17. Qf2 Qb4+ 18. Ke2 Bxd3+ {Yin,H 
(2401)-Juswanto,D (2465) Shenyang 1999 0-1 (44)}) ({RR} 4. Be2 Bg7 5. h4 h5 6.
Bd3 Nc6 7. Ne2 e5 8. d5 Ne7 9. Nf1 c6 10. c4 O-O 11. Bg5 b5 12. b3 bxc4 13.
bxc4 Nh7 14. Bxe7 Qxe7 15. dxc6 Qc7 16. Qa4 Bh6 17. Nc3 Qb6 18. Qb5 Qd4 {
Velumani,S (1470)-Vassallo Barroche,M (2380) Vila Nova de Famalicao POR 2019
0-1 (36)}) 4... Bg7 5. e5 $146 ({RR} 5. Bg2 e5 6. d5 c6 7. dxc6 Nxc6 8. Nc4 Ke7
9. Ne2 Be6 10. Ne3 Qa5+ 11. Bd2 Qa4 12. b3 Qa6 13. c4 Rac8 14. a4 Qb6 15. Bc3
Ng4 16. Nxg4 Bxg4 17. Rb1 Rhd8 18. Qd2 Bxe2 19. Qxe2 Nd4 {Sonoc,D (1900)
-Moldovan,D (1675) Deva 1998 0-1 (58)}) ({RR} 5. Bg2 O-O 6. Ngf3 Bg4 7. O-O Qc8
8. Re1 Nc6 9. c3 e5 10. d5 Ne7 11. c4 Nh5 12. Qc2 Bh3 13. Bh1 h6 14. Nh4 f5 15.
exf5 gxf5 16. Ndf3 Qd7 17. Qe2 Rf7 18. Nxe5 dxe5 19. Bxh6 Bxh6 {Muslimova,Y 
(1697)-Astapov,V (2020) Saratov 2008 0-1}) ({RR} 5. Ne2 O-O 6. Bg2 Nbd7 7. c3
c5 8. O-O Rb8 9. a3 b6 10. Nc4 Qc7 11. d5 Ba6 12. Nd2 e6 13. c4 exd5 14. cxd5
Rfe8 15. Re1 Ne5 16. Nc3 Nd3 17. Re3 Nd7 18. Nf3 Nxc1 19. Rxc1 Bh6 {Bauer,H 
(1022)-Sancar,K (1661) Willingen 2006 0-1}) 5... dxe5 6. dxe5 Ng4 7. f4 Ne3 8.
Qe2 Nxc2+ 9. Kf2 Nxa1 10. Nb3 Nxb3 11. axb3 O-O 12. Nf3 Nc6 13. h4 h5 14. Nh2
Nd4 0-1

[Event "Sampa Chess Open 2024"]
[Site "Sao Paulo"]
[Date "2024.02.02"]
[Round "6.52"]
[White "Leal, Alexandre Garcia"]
[Black "Santana, Expedito"]
[Result "1-0"]
[WhiteElo "1899"]
[BlackElo "1408"]
[PlyCount "95"]
[EventDate "2024.01.29"]
[EventRounds "9"]
[EventCountry "BRA"]

1. d4 d5 2. c4 c6 3. e3 Bf5 4. Nc3 e6 5. Nf3 Nf6 6. cxd5 exd5 7. Bd3 Bxd3 8.
Qxd3 Bd6 9. O-O O-O 10. a3 ({RR} 10. Ne5 Nfd7 11. Nf3 f5 12. Bd2 Na6 13. a3 Nc7
14. b4 b5 15. Ne2 Nf6 {1/2-1/2 (15) Kulikov,A (2405)-Popov,V (2582) Nizhnij
Novgorod 1999}) 10... Nbd7 11. b4 ({RR} 11. e4 dxe4 12. Nxe4 Nxe4 13. Qxe4 Nf6
14. Qh4 Nd5 15. Qe4 Re8 16. Qc2 h6 17. Bd2 Qf6 18. Rfe1 Bc7 19. Re4 Qg6 20.
Rxe8+ Rxe8 21. Qxg6 fxg6 22. Re1 Rxe1+ 23. Bxe1 Kf7 24. Kf1 g5 25. h3 Ke6 {
Krmela,A (2080)-Fargac,M (2226) Czech Republic CZE 2019 0-1 (40)}) 11... a6 12.
Nd2 $146 ({RR} 12. Rb1 Re8 13. a4 Ne4 14. b5 Nxc3 15. Qxc3 cxb5 16. axb5 a5 17.
Ba3 Nb6 18. Bc5 Nc4 {1/2-1/2 (18) Baumann,C (2065)-Welsh,M Bad Ragaz 1994}) ({
RR} 12. Bb2 Re8 13. h3 Ne4 14. Nd2 f5 15. Na4 Ndf6 16. Nc5 Rb8 17. Rac1 Bc7 18.
f4 Qe7 19. Ndxe4 Nxe4 20. Nxe4 Qxe4 21. Qxe4 Rxe4 22. Kf2 Rbe8 23. Rfe1 Kf7 24.
g3 h6 25. a4 Bd6 26. Bc3 R4e6 {Mike,J-Kiss,A (2192) Hungary 2007 1/2-1/2 (88)})
12... Bxh2+ 13. Kxh2 Ng4+ 14. Kg1 Qh4 15. Nf3 Qh5 16. e4 dxe4 17. Nxe4 Rad8 18.
Ng3 Qd5 19. Qf5 Qxf5 20. Nxf5 h6 21. Ne3 Ngf6 22. d5 cxd5 23. Bb2 g6 24. Rfd1
Rfe8 25. Nxd5 Nxd5 26. Rxd5 Nb6 27. Rxd8 Rxd8 28. Rc1 Rc8 29. Rxc8+ Nxc8 30.
Ne5 Ne7 31. Nd7 Nc8 32. Nc5 Nd6 33. Be5 Nc4 34. Bc7 Nxa3 35. Nxb7 Nc2 36. Ba5
Nd4 37. Nc5 Nc6 38. Nxa6 Kf8 39. Kf1 Ke7 40. Ke2 f5 41. Nc5 Kd6 42. Nb3 g5 43.
b5 Nxa5 44. Nxa5 Kc5 45. Nc4 Kxb5 46. Nd6+ Kc5 47. Nxf5 h5 48. Ng7 1-0

[Event "Sampa Chess Open 2024"]
[Site "Sao Paulo"]
[Date "2024.02.02"]
[Round "6.53"]
[White "Pereira, Igor Marcelo Souza"]
[Black "De Oliveira, Lucas Silva"]
[Result "0-1"]
[WhiteElo "1351"]
[BlackElo "1800"]
[PlyCount "128"]
[EventDate "2024.01.29"]
[EventRounds "9"]
[EventCountry "BRA"]

1. e4 c5 2. Nf3 d6 3. d4 cxd4 4. Nxd4 Nf6 5. Nc3 a6 6. f3 e5 7. Nb3 Be6 8. Be3
h5 9. Qd2 Nbd7 10. Be2 Rc8 11. Nd5 ({RR} 11. a4 Be7 12. O-O O-O 13. a5 Qc7 14.
Rfd1 Rfd8 15. Qe1 Nc5 16. Nxc5 dxc5 17. Na4 Rxd1 18. Rxd1 c4 19. Nb6 Bc5 20.
Bxc5 Qxc5+ 21. Qf2 Qxf2+ 22. Kxf2 Rc5 23. Rd8+ Kh7 24. Ke3 h4 25. g3 h3 {
Leko,P (2731)-Karjakin,S (2770) Sochi 2014 0-1 (54)}) ({RR} 11. O-O-O Be7 12.
Kb1 b5 13. Nd5 Bxd5 14. exd5 Nb6 15. Bxb6 Qxb6 16. Rhf1 O-O 17. g4 h4 18. f4
Rfe8 19. g5 Ne4 20. Qb4 Nf2 21. Rde1 Nh3 22. Bg4 Rc4 23. Qa5 Qxa5 24. Nxa5 Nxf4
25. Nxc4 bxc4 {Navara,D (2675)-Stocek,J (2604) Polanica Zdroj POL 2021 1/2-1/2
(51)}) 11... b5 $146 ({RR} 11... Bxd5 12. exd5 Be7 13. c4 b6 14. O-O g6 15. Nc1
Kf8 16. b4 h4 17. Nb3 Kg7 18. a4 Nh5 19. a5 Nf4 20. axb6 Nxb6 21. Bxf4 exf4 22.
Na5 Bf6 23. Nc6 Rxc6 24. dxc6 h3 25. Rxa6 hxg2 26. Rf2 {Collas,S (2360)
-Jordanova,S Pamporovo 2001 0-1 (38)}) ({RR} 11... Bxd5 12. exd5 Nb6 13. c4
Nxc4 14. Bxc4 Rxc4 15. Na5 Rc8 16. Nxb7 Qc7 17. Na5 Qc2 18. O-O Qxd2 19. Bxd2
Nxd5 20. Rfc1 Ra8 21. Rc6 Kd7 22. Rd1 Be7 23. Be1 Nf4 24. Rc2 Rac8 25. Nc4 Ke6
26. g3 {Popov,I (2627)-Sychev,K (2407) Moscow 2014 0-1 (40)}) ({RR} 11... Bxd5
12. exd5 Nb6 13. O-O Nbxd5 14. Bg5 Be7 15. c4 Nb6 16. Na5 Qc7 17. b4 O-O 18.
Rad1 Rcd8 19. Qc2 d5 20. c5 d4 21. Bxf6 Bxf6 22. Qf5 Nd5 23. Qxh5 Nf4 {0-1 (23)
Zilka,S (2534)-Pulpan,J (2401) Prague 2016}) 12. Na5 Bxd5 13. exd5 Nxd5 14. Nb7
Qc7 15. Qxd5 Rb8 16. O-O-O Qxb7 17. Qd2 Be7 18. g4 hxg4 19. fxg4 Rc8 20. Bg5
Bf8 21. h4 Qc7 22. h5 Nb6 23. Rhe1 Nd5 24. Kb1 Qc5 25. Qxd5 Qxc2+ 26. Ka1 Qc5
27. Qxc5 Rxc5 28. Rc1 Rxc1+ 29. Rxc1 Kd7 30. a4 bxa4 31. Bxa6 f6 32. Be3 d5 33.
Bb5+ Ke6 34. Bxa4 d4 35. Bd2 Bd6 36. b4 Ra8 37. Kb2 Rxa4 38. Kb3 Ra7 39. b5 Kd5
40. Bb4 Rb7 41. Bxd6 Kxd6 42. Kb4 e4 43. Ka5 d3 44. Ka6 Re7 45. b6 e3 46. b7
Rxb7 47. Kxb7 d2 48. Rd1 Ke5 49. Kc6 Kf4 50. Kd5 Kf3 51. Ke6 e2 52. Rxd2 e1=Q+
53. Kf7 Qxd2 54. Kxg7 Qg5+ 55. Kh7 Kxg4 56. h6 Qxh6+ 57. Kxh6 f5 58. Kg6 f4 59.
Kh7 f3 60. Kh8 f2 61. Kh7 f1=Q 62. Kh8 Qa6 63. Kg8 Qb7 64. Kf8 Kf5 0-1

[Event "Sampa Chess Open 2024"]
[Site "Sao Paulo"]
[Date "2024.02.02"]
[Round "6.54"]
[White "De Bastiani, Tales Otavio"]
[Black "Damasio, Fabio Ferreira"]
[Result "0-1"]
[WhiteElo "1800"]
[BlackElo "1296"]
[PlyCount "54"]
[EventDate "2024.01.29"]
[EventRounds "9"]
[EventCountry "BRA"]

1. c4 Nf6 2. Nf3 g6 3. g3 Bg7 4. Bg2 O-O 5. O-O d6 6. Nc3 Nbd7 7. d3 Rb8 ({RR} 
7... a6 8. Rb1 c6 9. b4 d5 10. cxd5 cxd5 11. Qb3 Nb6 12. Be3 e6 13. a4 Re8 14.
a5 Nbd7 15. Na4 Ng4 16. Bd4 Nge5 17. Nxe5 Bxe5 18. Nb6 Bxd4 19. Nxa8 Ne5 20. e3
Ba7 21. Rfc1 d4 22. Nb6 {Skembris,S (2435)-Kourkounakis,I (2360) Nikea 1985
1-0 (45)}) ({RR} 7... c5 8. Rb1 Rb8 9. a3 b6 10. b4 Bb7 11. Bb2 Ng4 12. h3 Nge5
13. Nxe5 Nxe5 14. Qa4 Bxg2 15. Kxg2 Qd7 16. Qxd7 Nxd7 17. Nd5 Rfe8 18. Nc7 Rec8
19. Nd5 Re8 20. Nc7 Rec8 21. Nd5 Re8 22. Nc7 {Gavarrete,N (2325)-Granero Roca,
A (2359) Montserrat (Valencia) ESP 2021 1/2-1/2}) 8. Be3 c5 9. h3 b6 $146 ({RR
} 9... a6 10. a4 Ne8 11. Nd2 Ne5 12. f4 Nc6 13. Bf2 Nc7 14. Rb1 Bd7 15. Nf3 b5
16. axb5 axb5 17. cxb5 Nxb5 18. Qd2 Qa5 19. Rbc1 Nxc3 20. bxc3 Rb3 21. c4 Bc3
22. Qe3 Rfb8 23. g4 Qd8 24. f5 {Andrade,R (1980)-Carrasco Fernandez,D (1840)
Santiago de Chile 2009 1/2-1/2 (55)}) 10. Qd2 Re8 11. d4 Qc7 12. b3 a6 13. Rac1
Bb7 14. d5 Ba8 15. Bg5 e6 16. e4 exd5 17. exd5 b5 18. Qd3 b4 19. Na4 Ne4 20.
Bd2 Nxd2 21. Nxd2 Re7 22. Ne4 Rbe8 23. Rfe1 Bh6 24. Rcd1 f5 25. Naxc5 Nxc5 26.
Nf6+ Kh8 27. Rxe7 Rxe7 0-1